[Event "CAN-op"]
[Site "Vancouver CAN"]
[Date "1999.07.11"]
[Round "11"]
[White "Haukenfrers, Dale"]
[Black "Fuentebella, Mayo"]
[Result "0-1"]
[WhiteElo "2184"]
[BlackElo "2332"]
[PlyCount "106"]
[GameId "2160767911743203"]
[EventDate "1999.07.02"]
[EventType "swiss"]
[EventRounds "11"]
[EventCountry "CAN"]

1. d4 d5 2. c4 dxc4 3. e3 e6 4. Bxc4 Nf6 5. Nf3 Be7 6. O-O O-O 7. Qe2 a6 8. Rd1 b5 9. Bd3 Bb7 10. e4 Nbd7 11. e5 Nd5 12. Qe4 g6 13. Bh6 Re8 14. Qg4 Nb4 15. Nc3 Nxd3 16. Rxd3 Nb6 17. Ng5 b4 18. Ne2 Bxg5 19. Bxg5 Qd5 20. Nf4 Qe4 21. Rh3 Nd5 22. Qh4 h5 23. Nxd5 Qxd5 24. f3 c5 25. Rd1 Rec8 26. Bf6 Kf8 27. Qe1 a5 28. dxc5 Qxc5+ 29. Kh1 Bd5 30. Rh4 Qc2 31. Rd2 Qc1 32. Rd1 Qxb2 33. Qe3 Ke8 34. Rhd4 Qc3 35. R4d3 Qc6 36. Qh6 Kd7 37. Qd2 Qb5 38. Qh6 Rc2 39. Rxd5+ exd5 40. e6+ Kxe6 41. Qg5 Qe2 42. Rg1 Re8 43. Bd4 Kd6 44. Qf6+ Qe6 45. Qf4+ Kd7 46. Rd1 Qf5 47. Qg3 g5 48. f4 Qg4 49. Qxg4+ hxg4 50. fxg5 Re4 51. Bf6 Ke6 52. h4 g3 53. Kg1 Rxh4 0-1

[Event "CAN-op"]
[Site "Vancouver CAN"]
[Date "1999.07.11"]
[Round "11"]
[White "Lipnowski, Irwin"]
[Black "Gibney, Eugene"]
[Result "1-0"]
[WhiteElo "2347"]
[BlackElo "2199"]
[PlyCount "87"]
[GameId "2160767911743204"]
[EventDate "1999.07.02"]
[EventType "swiss"]
[EventRounds "11"]
[EventCountry "CAN"]

1. g3 d5 2. Bg2 Nc6 3. Nf3 Bg4 4. c4 d4 5. d3 Qd7 6. b4 Bxf3 7. Bxf3 Nxb4 8. Bxb7 Rb8 9. Bg2 e5 10. O-O Be7 11. Nd2 Nf6 12. a3 Na6 13. Nf3 Bd6 14. Bg5 Ng8 15. Rb1 Rb6 16. Qc2 Ne7 17. Bxe7 Kxe7 18. c5 Nxc5 19. Nxe5 Bxe5 20. Qxc5+ Qd6 21. Rb5 Rhb8 22. Qxe5+ Qxe5 23. Rxe5+ Re6 24. Rxe6+ fxe6 25. Rc1 Kd7 26. Rc5 Rb6 27. Ra5 a6 28. e3 dxe3 29. fxe3 Kd6 30. d4 h6 31. Bf3 g5 32. Be2 c6 33. Kf2 Kc7 34. Rxa6 Rb2 35. Ra7+ Kd6 36. a4 e5 37. a5 Ra2 38. a6 c5 39. dxc5+ Kxc5 40. Rh7 Kd5 41. Rxh6 Ke4 42. Rh7 g4 43. Rg7 Kf5 44. Rxg4 1-0

[Event "CAN-op"]
[Site "Vancouver CAN"]
[Date "1999.07.11"]
[Round "11"]
[White "Neufahrt, Gerhard"]
[Black "Heywood, Bill"]
[Result "1/2-1/2"]
[WhiteElo "2136"]
[BlackElo "2069"]
[PlyCount "111"]
[GameId "2160767911743205"]
[EventDate "1999.07.02"]
[EventType "swiss"]
[EventRounds "11"]
[EventCountry "CAN"]

1. d4 Nf6 2. Nf3 d5 3. Bf4 c5 4. e3 e6 5. c3 Nc6 6. Nbd2 Be7 7. Bd3 Nh5 8. Be5 f6 9. Bg3 g6 10. Bh4 O-O 11. dxc5 Bxc5 12. g4 Ng7 13. e4 d4 14. Nb3 Bb6 15. cxd4 Nxd4 16. Bc4 Nxf3+ 17. Qxf3 Kh8 18. O-O e5 19. Rfd1 Qe7 20. a4 g5 21. a5 Bc5 22. Bg3 Ne6 23. Nxc5 Qxc5 24. Bxe6 Bxe6 25. Rac1 Qe7 26. h4 b6 27. Rc3 Rac8 28. Rdc1 Rxc3 29. Rxc3 Rc8 30. Rxc8+ Bxc8 31. Qe2 Qc5 32. Qd1 Kg7 33. Kg2 Qxa5 34. Qd6 Kf7 35. f3 Qb5 36. Qc7+ Qd7 37. Qc4+ Kg7 38. Bf2 h6 39. Be1 gxh4 40. Bxh4 h5 41. Qc3 hxg4 42. f4 Bb7 43. fxe5 Bxe4+ 44. Kg3 Qf5 45. Bxf6+ Kg6 46. Qe3 Qf3+ 47. Qxf3 gxf3 48. Be7 Kf5 49. Bd6 Bd5 50. Bb8 a6 51. Bc7 b5 52. b4 Ke4 53. Kf2 Bc6 54. e6 Kd4 55. e7 Kc4 56. Ba5 1/2-1/2

[Event "CAN-op"]
[Site "Vancouver CAN"]
[Date "1999.07.11"]
[Round "11"]
[White "Niksic, John"]
[Black "Jiganchine, Roman"]
[Result "1/2-1/2"]
[WhiteElo "2169"]
[BlackElo "2083"]
[PlyCount "92"]
[GameId "2160767911743206"]
[EventDate "1999.07.02"]
[EventType "swiss"]
[EventRounds "11"]
[EventCountry "CAN"]

1. d4 d5 2. Nf3 Nf6 3. g3 g6 4. Bg2 Bg7 5. O-O O-O 6. c4 c6 7. Ne5 Nfd7 8. Nxd7 Nxd7 9. cxd5 cxd5 10. Nc3 Nf6 11. Bg5 e6 12. e4 Qb6 13. e5 Nd7 14. Qd2 h6 15. Be3 Kh7 16. Rfc1 Nb8 17. Bf1 Nc6 18. Ne2 Bd7 19. Nf4 Rfc8 20. Rc3 Qd8 21. Rac1 Ne7 22. g4 Rxc3 23. Rxc3 Rc8 24. Bd3 Rxc3 25. Qxc3 Kh8 26. Qb3 Bc6 27. Qc2 Be8 28. b4 Kg8 29. b5 Qa5 30. a4 a6 31. Bd2 Qb6 32. Ne2 axb5 33. axb5 Qd8 34. Bb4 Nc8 35. h3 Na7 36. Qa4 Nc8 37. Qa8 Qd7 38. Qa3 b6 39. f4 Na7 40. Nc3 Nc8 41. Kg2 Qb7 42. h4 f5 43. g5 h5 44. Kf3 Kf7 45. Ke3 Bd7 46. Kd2 Qa7 1/2-1/2

[Event "CAN-op"]
[Site "Vancouver CAN"]
[Date "1999.07.11"]
[Round "11"]
[White "Prilleltensky, Matan"]
[Black "Strojevs, Alexander"]
[Result "0-1"]
[WhiteElo "1457"]
[BlackElo "1884"]
[PlyCount "110"]
[GameId "2160767911743207"]
[EventDate "1999.07.02"]
[EventType "swiss"]
[EventRounds "11"]
[EventCountry "CAN"]
[SourceTitle "EXT 2022"]
[Source "ChessBase"]
[SourceDate "2021.10.06"]
[SourceVersion "1"]
[SourceVersionDate "2021.10.06"]
[SourceQuality "1"]

1. e4 c5 2. Nf3 d6 3. d4 cxd4 4. Nxd4 Nf6 5. Nc3 g6 6. Be2 Bg7 7. Be3 Nc6 8. Nb3 Be6 9. Qd2 O-O 10. Bh6 Rc8 11. Bxg7 Kxg7 12. O-O Ne5 13. Kh1 Bc4 14. f4 Ned7 15. g4 Bxe2 16. Qxe2 Nb6 17. f5 Qc7 18. fxg6 hxg6 19. Rad1 Nfd7 20. g5 Ne5 21. Rf2 Qc4 22. Qxc4 Nexc4 23. Rb1 Nxb2 24. Nb5 N2c4 25. Nxa7 Ra8 26. Nb5 Rxa2 27. Nd2 Nxd2 28. Rxd2 Nc4 29. Re2 Rb8 30. Nc3 Rb2 31. Rxb2 Nxb2 32. Nd5 Kf8 33. Nb6 Ke8 34. Kg2 Kd8 35. Kf3 Kc7 36. Nd5+ Kd7 37. Nb6+ Kc6 38. Nd5 e6 39. Nf6 b5 40. e5 d5 41. Ke3 Nc4+ 42. Kd4 Rh8 43. c3 Rh4+ 44. Kd3 Rf4 45. Kc2 Rf5 46. h4 Nxe5 47. Ng8 Kd6 48. Nf6 Nf3 49. Ne8+ Ke7 50. Ng7 Rf4 51. h5 Nxg5 52. h6 Rh4 53. Kd3 Rxh6 54. Kd4 Rh7 55. Nf5+ gxf5 0-1

[Event "CAN-op"]
[Site "Vancouver CAN"]
[Date "1999.07.11"]
[Round "11"]
[White "Seid, Hee"]
[Black "Hua, Lefong"]
[Result "0-1"]
[WhiteElo "2217"]
[BlackElo "2359"]
[PlyCount "36"]
[GameId "2160767911743208"]
[EventDate "1999.07.02"]
[EventType "swiss"]
[EventRounds "11"]
[EventCountry "CAN"]

1. d4 Nf6 2. Nf3 e6 3. e3 c5 4. Bd3 b6 5. O-O Bb7 6. c3 Be7 7. Nbd2 O-O 8. Qe2 d5 9. e4 dxe4 10. Nxe4 Nbd7 11. Re1 cxd4 12. Nxd4 Nc5 13. Nxc5 Bxc5 14. Be3 Nd5 15. Nc2 Nxe3 16. Nxe3 Qg5 17. Ba6 Bc6 18. Bb5 Bxb5 0-1

[Event "CYCC U10"]
[Site "Vancouver CAN"]
[Date "1999.07.01"]
[Round "1"]
[White "Jacobs, Chaim-Akiva"]
[Black "Tam, Timothy"]
[Result "1-0"]
[WhiteElo "1415"]
[BlackElo "1159"]
[PlyCount "57"]
[GameId "2160767911743213"]
[EventDate "1999.07.01"]
[EventType "swiss"]
[EventRounds "5"]
[EventCountry "CAN"]

1. e4 e5 2. d4 exd4 3. c3 dxc3 4. Bc4 cxb2 5. Bxb2 Nf6 6. e5 Ng8 7. Nf3 Nc6 8. O-O Be7 9. Nbd2 d6 10. e6 f6 11. Qc2 a6 12. Ng5 Nh6 13. Nxh7 Bf8 14. Nxf6+ Ke7 15. Nd5+ Kxe6 16. Nxc7+ Kd7 17. Nxa8 Be7 18. Rfe1 Rf8 19. Be6+ Ke8 20. Bxg7 Bxe6 21. Rxe6 Rg8 22. Bxh6 Qxa8 23. Qh7 Kd7 24. Rae1 Re8 25. Bg5 Qd8 26. Qf5 Kc7 27. Bxe7 Nxe7 28. Qf7 Kd7 29. f4 1-0

[Event "CYCC U10"]
[Site "Vancouver CAN"]
[Date "1999.07.01"]
[Round "1"]
[White "Lasker, Justin"]
[Black "Prabhakaran, Aarthi"]
[Result "1-0"]
[WhiteElo "1219"]
[BlackElo "732"]
[PlyCount "69"]
[GameId "2160767911743214"]
[EventDate "1999.07.01"]
[EventType "swiss"]
[EventRounds "5"]
[EventCountry "CAN"]

1. e4 e5 2. f4 d6 3. Nf3 Bg4 4. Be2 g6 5. O-O Bg7 6. Bc4 Nf6 7. Nc3 O-O 8. h3 Bxf3 9. Qxf3 Nc6 10. Ne2 Nb4 11. c3 Nc6 12. d3 Ne7 13. Be3 Qd7 14. fxe5 dxe5 15. Rad1 b5 16. Bb3 Rad8 17. Bxa7 Ra8 18. Bc5 Rfe8 19. Bxe7 Rxe7 20. a3 Qc8 21. Bd5 Ra5 22. c4 Qb8 23. cxb5 Rxb5 24. b4 Qb6+ 25. Kh1 c6 26. Bc4 Bh6 27. Bxb5 Be3 28. Qxf6 Qd8 29. Bxc6 Bh6 30. Qf3 Bg7 31. d4 Qb8 32. dxe5 Rxe5 33. Qxf7+ Kh8 34. Rd7 h6 35. Qxg7# 1-0

[Event "CYCC U10"]
[Site "Vancouver CAN"]
[Date "1999.07.01"]
[Round "2"]
[White "Panjwani, Raja"]
[Black "Deveau, Justin"]
[Result "0-1"]
[WhiteElo "1153"]
[BlackElo "1298"]
[PlyCount "96"]
[GameId "2160767911743215"]
[EventDate "1999.07.01"]
[EventType "swiss"]
[EventRounds "5"]
[EventCountry "CAN"]

1. e4 e5 2. Nf3 Nc6 3. Bc4 Nf6 4. Nc3 Bc5 5. d3 d6 6. Ng5 O-O 7. Nxf7 Rxf7 8. Bxf7+ Kxf7 9. Bg5 Be6 10. Bxf6 Qxf6 11. O-O Nd4 12. Qh5+ Qg6 13. Qxg6+ hxg6 14. Rfc1 Bb4 15. Kf1 Rh8 16. h3 Bxc3 17. bxc3 Nc6 18. Rd1 d5 19. exd5 Bxd5 20. c4 Be6 21. c3 Rd8 22. Rac1 Bf5 23. d4 exd4 24. cxd4 Rxd4 25. Rxd4 Nxd4 26. Rd1 c5 27. g4 Bc2 28. Rd2 a6 29. f4 b5 30. cxb5 axb5 31. g5 Bf5 32. h4 Nf3 33. Rd5 Be6 34. Rxc5 Bxa2 35. Rc7+ Kf8 36. Rc8+ Kf7 37. Rc7+ Kg8 38. Rc8+ Kh7 39. Rc3 Nd4 40. Rh3 b4 41. h5 b3 42. hxg6+ Kxg6 43. Rxb3 Bxb3 44. Kg2 Kf5 45. Kg3 Ne2+ 46. Kh4 Nxf4 47. g6 Kxg6 48. Kg4 Nd3 0-1

[Event "CYCC U10"]
[Site "Vancouver CAN"]
[Date "1999.07.01"]
[Round "2"]
[White "Rossi, Michael"]
[Black "Lasker, Justin"]
[Result "0-1"]
[WhiteElo "1396"]
[BlackElo "1219"]
[PlyCount "83"]
[GameId "2160767911743216"]
[EventDate "1999.07.01"]
[EventType "swiss"]
[EventRounds "5"]
[EventCountry "CAN"]

1. e4 c5 2. g3 d6 3. Bg2 g6 4. Nf3 Bg7 5. O-O e6 6. d3 Ne7 7. Nc3 Nbc6 8. Bg5 O-O 9. Bxe7 Nxe7 10. d4 cxd4 11. Qd2 dxc3 12. bxc3 Qa5 13. Qxd6 Nc6 14. Qd3 Bd7 15. Qxd7 Rfd8 16. Qxb7 Qxc3 17. Ng5 Rf8 18. Qb3 Qxb3 19. cxb3 Bxa1 20. Rxa1 h6 21. e5 hxg5 22. Bxc6 Rac8 23. Ba4 Rc7 24. b4 Rfc8 25. a3 Rc1+ 26. Rxc1 Rxc1+ 27. Kg2 Ra1 28. Bc6 Rxa3 29. b5 Rb3 30. Kh3 Kf8 31. Kg4 Rb2 32. Kf3 Ke7 33. h3 Kd8 34. Kg4 Rxf2 35. Kxg5 Kc7 36. Be8 Kb6 37. g4 a5 38. bxa6 Kxa6 39. h4 Re2 40. Bxf7 Rxe5+ 41. Kxg6 Re4 42. Kg5 0-1

[Event "CYCC U10"]
[Site "Vancouver CAN"]
[Date "1999.07.01"]
[Round "3"]
[White "Lasker, Justin"]
[Black "Clouston, Daniel"]
[Result "1-0"]
[WhiteElo "1219"]
[BlackElo "972"]
[PlyCount "27"]
[GameId "2160767911743217"]
[EventDate "1999.07.01"]
[EventType "swiss"]
[EventRounds "5"]
[EventCountry "CAN"]

1. e4 e5 2. f4 exf4 3. Nf3 Nf6 4. Nc3 Nc6 5. Bc4 Bc5 6. d4 Bb4 7. e5 Bxc3+ 8. bxc3 Ne4 9. Qd3 Ng5 10. O-O Nxf3+ 11. Qxf3 Na5 12. Bxf7+ Kxf7 13. Qxf4+ Kg8 14. Qf7# 1-0

[Event "CYCC U10"]
[Site "Vancouver CAN"]
[Date "1999.07.02"]
[Round "4"]
[White "Cheng, Alfonso"]
[Black "Lasker, Justin"]
[Result "1-0"]
[WhiteElo "1299"]
[BlackElo "1219"]
[PlyCount "89"]
[GameId "2160767911743218"]
[EventDate "1999.07.01"]
[EventType "swiss"]
[EventRounds "5"]
[EventCountry "CAN"]

1. e4 c5 2. Nf3 d6 3. d4 cxd4 4. Nxd4 Nf6 5. Bd3 g6 6. O-O Bg7 7. Bg5 O-O 8. Nd2 Nxe4 9. Bxe4 Bxd4 10. Re1 Qc7 11. Bd5 e6 12. Nf3 Bxb2 13. Rb1 Bg7 14. Bc4 d5 15. Bb5 Nc6 16. Nd2 a6 17. Bxc6 Qxc6 18. Nb3 h6 19. Be3 b6 20. Nd4 Bxd4 21. Qxd4 Qxc2 22. Bxh6 f6 23. Bxf8 Kxf8 24. Qxf6+ Kg8 25. Rb2 Qxb2 26. Qxb2 Kf8 27. Qf6+ Ke8 28. Rxe6+ Bxe6 29. Qh8+ Ke7 30. Qxa8 d4 31. Kf1 Bxa2 32. Qxa6 d3 33. Qxa2 Kd7 34. Qd2 Kc6 35. Qxd3 Kb7 36. Qxg6 Ka8 37. h4 Kb8 38. Qxb6+ Ka8 39. Qb5 Ka7 40. h5 Ka8 41. h6 Ka7 42. h7 Ka8 43. h8=R+ Ka7 44. Rh7+ Ka8 45. Qe8# 1-0

[Event "CYCC U10"]
[Site "Vancouver CAN"]
[Date "1999.07.02"]
[Round "4"]
[White "Davies, Noam"]
[Black "Chis, Sinziana"]
[Result "1/2-1/2"]
[WhiteElo "1471"]
[BlackElo "1275"]
[PlyCount "36"]
[GameId "2160767911743219"]
[EventDate "1999.07.01"]
[EventType "swiss"]
[EventRounds "5"]
[EventCountry "CAN"]

1. e4 c5 2. Nc3 Nc6 3. g3 e5 4. Bg2 Be7 5. d3 h6 6. f4 d6 7. Nf3 Nf6 8. O-O O-O 9. Be3 Bg4 10. h3 Bxf3 11. Qxf3 b6 12. g4 exf4 13. Bxf4 Nd4 14. Qf2 Nh7 15. Be3 Bf6 16. e5 Bh4 17. Qd2 Rc8 18. exd6 Qxd6 1/2-1/2

[Event "CYCC U10"]
[Site "Vancouver CAN"]
[Date "1999.07.02"]
[Round "4"]
[White "Rossi, Michael"]
[Black "Jacobs, Chaim-Akiva"]
[Result "0-1"]
[WhiteElo "1396"]
[BlackElo "1415"]
[PlyCount "46"]
[GameId "2160767911743220"]
[EventDate "1999.07.01"]
[EventType "swiss"]
[EventRounds "5"]
[EventCountry "CAN"]

1. e4 e5 2. Nf3 Nc6 3. Bb5 f5 4. Bxc6 dxc6 5. Nxe5 Qd4 6. Qh5+ g6 7. Nxg6 hxg6 8. Qxh8 Qxh8 9. O-O Be6 10. Nc3 O-O-O 11. d3 Bd6 12. g3 Nf6 13. d4 Nxe4 14. Nxe4 fxe4 15. c3 Qh3 16. Bg5 Bg4 17. f3 Bxf3 18. Rf2 Rh8 19. Bf6 Rh7 20. Bh4 Bxg3 21. Bxg3 Qxg3+ 22. Kf1 Rxh2 23. Rc1 Qxf2# 0-1

[Event "CYCC U10"]
[Site "Vancouver CAN"]
[Date "1999.07.02"]
[Round "5"]
[White "Goutor, Valentina"]
[Black "Cheng, Alfonso"]
[Result "1-0"]
[WhiteElo "1488"]
[BlackElo "1299"]
[PlyCount "59"]
[GameId "2160767911743221"]
[EventDate "1999.07.01"]
[EventType "swiss"]
[EventRounds "5"]
[EventCountry "CAN"]
[SourceTitle "CFC 1999.08"]
[Source "CFC"]
[SourceDate "1999.08.??"]
[SourceVersionDate "1999.08.??"]
[SourceQuality "1"]

1. e4 e5 2. Nf3 Nc6 3. d4 exd4 4. Nxd4 Nxd4 5. Qxd4 Nf6 6. Nc3 g6 7. Bg5 Bg7 8. e5 Qe7 9. O-O-O c5 10. Qd2 O-O 11. exf6 Bxf6 12. Bxf6 Qxf6 13. Bc4 b6 14. f4 Bb7 15. Bd5 Bxd5 16. Nxd5 Qd6 17. Qc3 f6 18. g4 Kg7 19. g5 h6 20. gxh6+ Kxh6 21. Qh3+ Kg7 22. f5 Rh8 23. Qg4 g5 24. h4 Kf7 25. hxg5 Rxh1 26. Rxh1 Qxd5 27. Rh7+ Kf8 28. Qh3 fxg5 29. Rh8+ Kf7 30. Qh7+ 1-0

[Event "CYCC U10"]
[Site "Vancouver CAN"]
[Date "1999.07.02"]
[Round "5"]
[White "Wong, Jordan"]
[Black "Lasker, Justin"]
[Result "1/2-1/2"]
[WhiteElo "1101"]
[BlackElo "1219"]
[PlyCount "53"]
[GameId "2160767911743222"]
[EventDate "1999.07.01"]
[EventType "swiss"]
[EventRounds "5"]
[EventCountry "CAN"]

1. e4 c5 2. Nf3 Nc6 3. Bb5 g6 4. O-O Bg7 5. Ng5 Nf6 6. Nc3 O-O 7. Nd5 Nxd5 8. exd5 Nd4 9. c3 Nxb5 10. Qf3 d6 11. Qg3 b6 12. Qh4 h5 13. Qc4 Nc7 14. d3 Bb7 15. Qh4 Nxd5 16. c4 Nf6 17. Bd2 Qc7 18. Bc3 Qc6 19. f3 Ng4 20. Bxg7 Kxg7 21. Qe1 Rac8 22. Qc3+ Kg8 23. h3 Nf6 24. Rf2 d5 25. Re2 dxc4 26. dxc4 Qd6 27. Rae1 1/2-1/2

[Event "CYCC U12"]
[Site "Vancouver CAN"]
[Date "1999.07.01"]
[Round "1"]
[White "Livingston, Alex"]
[Black "Johnson, Kyle"]
[Result "0-1"]
[WhiteElo "1126"]
[BlackElo "1596"]
[PlyCount "52"]
[GameId "2160767911743223"]
[EventDate "1999.07.01"]
[EventType "swiss"]
[EventRounds "5"]
[EventCountry "CAN"]

1. d4 d5 2. e3 Nf6 3. Bd3 c6 4. f4 e6 5. Nf3 Nbd7 6. O-O Be7 7. Nbd2 O-O 8. Ne5 c5 9. c3 Re8 10. Ndf3 Qc7 11. Bd2 b6 12. Ng5 h6 13. Nh3 Bb7 14. f5 Nxe5 15. dxe5 Qxe5 16. fxe6 fxe6 17. Bg6 Rf8 18. Qf3 Ne4 19. Bf7+ Kh8 20. Qg4 Nxd2 21. Rad1 Nxf1 22. Rxf1 Qxe3+ 23. Rf2 Rxf7 24. Kf1 Ba6+ 25. Kg1 Rxf2 26. Nxf2 Qe1# 0-1

[Event "CYCC U12"]
[Site "Vancouver CAN"]
[Date "1999.07.01"]
[Round "1"]
[White "Moy, Nicolas"]
[Black "Kazakevich, Anastasia"]
[Result "0-1"]
[WhiteElo "867"]
[BlackElo "1528"]
[PlyCount "82"]
[GameId "2160767911743224"]
[EventDate "1999.07.01"]
[EventType "swiss"]
[EventRounds "5"]
[EventCountry "CAN"]
[SourceTitle "Albertabase"]
[SourceDate "2003.08.17"]
[SourceVersion "1"]
[SourceVersionDate "2003.08.17"]
[SourceQuality "1"]

1. e4 d5 2. Nc3 dxe4 3. Nxe4 e5 4. Nf3 Nc6 5. c3 Bg4 6. Be2 Nf6 7. Nxf6+ Qxf6 8. O-O e4 9. Ne1 Bxe2 10. Qxe2 Qe5 11. d4 exd3 12. Qxe5+ Nxe5 13. Bf4 Bd6 14. Bxe5 Bxe5 15. Nxd3 Bd6 16. b4 O-O-O 17. c4 Bxh2+ 18. Kxh2 Rxd3 19. Rfd1 Rhd8 20. Rxd3 Rxd3 21. Rc1 Rd2 22. a4 Rxf2 23. a5 Rb2 24. b5 Ra2 25. b6 Rxa5 26. bxa7 Rxa7 27. c5 Kd7 28. c6+ bxc6 29. Rd1+ Kc8 30. Rc1 Ra6 31. Rf1 f6 32. Rf4 c5 33. Rg4 g5 34. Rg3 c4 35. Rh3 Rc6 36. Rxh7 c3 37. Rh8+ Kb7 38. Rh3 c2 39. Rb3+ Kc8 40. Rf3 c1=Q 41. Rxf6 Rxf6 0-1

[Event "CYCC U12"]
[Site "Vancouver CAN"]
[Date "1999.07.01"]
[Round "1"]
[White "Walker, Sean"]
[Black "Gushuliak, Justin"]
[Result "0-1"]
[WhiteElo "1525"]
[BlackElo "2051"]
[PlyCount "94"]
[GameId "2160767911743225"]
[EventDate "1999.07.01"]
[EventType "swiss"]
[EventRounds "5"]
[EventCountry "CAN"]

1. b3 e5 2. Bb2 d6 3. e3 g6 4. Ne2 Bg7 5. g3 Ne7 6. Bg2 O-O 7. d3 c6 8. Nd2 Be6 9. O-O Nd7 10. e4 f5 11. f4 Qc7 12. Qe1 Rae8 13. Kh1 d5 14. Rd1 fxe4 15. dxe4 dxe4 16. Nxe4 Nf5 17. Qf2 exf4 18. Bxg7 fxg3 19. N2xg3 Kxg7 20. Nxf5+ Rxf5 21. Qd4+ Qe5 22. Nd6 Rxf1+ 23. Bxf1 Rf8 24. Qxe5+ Nxe5 25. Nxb7 Ng4 26. Re1 Bd5+ 27. Kg1 Rf5 28. Bh3 Rg5 29. Kf1 Nxh2+ 30. Kf2 h5 31. Nd8 Ng4+ 32. Kf1 Re5 33. Bxg4 Rxe1+ 34. Kxe1 hxg4 35. Kf2 Kf6 36. c4 Be4 37. Ke3 g3 38. Ke2 c5 39. Nb7 Bxb7 40. Kf1 Bf3 41. Ke1 Ke5 42. a3 Kd4 43. a4 Kc3 44. b4 cxb4 45. c5 b3 46. c6 b2 47. c7 b1=R# 0-1

[Event "CYCC U12"]
[Site "Vancouver CAN"]
[Date "1999.07.01"]
[Round "2"]
[White "Gushuliak, Justin"]
[Black "Miller, Max"]
[Result "1-0"]
[WhiteElo "2051"]
[BlackElo "1628"]
[PlyCount "67"]
[GameId "2160767911743226"]
[EventDate "1999.07.01"]
[EventType "swiss"]
[EventRounds "5"]
[EventCountry "CAN"]

1. e4 c5 2. Nf3 Nc6 3. d4 cxd4 4. Nxd4 Nf6 5. Nc3 e5 6. Ndb5 a6 7. Nd6+ Bxd6 8. Qxd6 Qe7 9. Qxe7+ Nxe7 10. Bg5 Ng6 11. Bxf6 gxf6 12. Nd5 O-O 13. Nxf6+ Kg7 14. Nd5 b5 15. O-O-O Bb7 16. h4 Bxd5 17. Rxd5 h5 18. Rxd7 Rfd8 19. Rxd8 Rxd8 20. Be2 Rd4 21. Bf3 Nf4 22. g3 Ng6 23. Rd1 Ra4 24. a3 b4 25. axb4 Rxb4 26. b3 a5 27. Kb2 Kh6 28. Rd5 Rd4 29. Kc3 Rxd5 30. exd5 f5 31. d6 Nf8 32. Bc6 Ne6 33. Bd7 Ng7 34. Bxf5 1-0

[Event "CYCC U12"]
[Site "Vancouver CAN"]
[Date "1999.07.01"]
[Round "2"]
[White "Predescu, Sebastian"]
[Black "Kazakevich, Anastasia"]
[Result "1-0"]
[WhiteElo "1831"]
[BlackElo "1528"]
[PlyCount "104"]
[GameId "2160767911743227"]
[EventDate "1999.07.01"]
[EventType "swiss"]
[EventRounds "5"]
[EventCountry "CAN"]
[SourceTitle "Albertabase"]
[SourceDate "2003.08.17"]
[SourceVersion "1"]
[SourceVersionDate "2003.08.17"]
[SourceQuality "1"]

1. d4 d5 2. Nf3 Nf6 3. Bf4 Bg4 4. e3 e6 5. h3 Bh5 6. Be2 Bd6 7. Bg5 h6 8. Bxf6 Qxf6 9. c4 c6 10. Nfd2 Bxe2 11. Qxe2 Nd7 12. Nc3 O-O-O 13. cxd5 exd5 14. Qf3 Qe6 15. O-O g5 16. Rfc1 Rdf8 17. Nxd5 Kb8 18. Nc3 h5 19. d5 cxd5 20. Qxd5 Qxd5 21. Nxd5 Be5 22. Rab1 Rc8 23. b3 g4 24. Nc4 Rcg8 25. Nxe5 Nxe5 26. h4 g3 27. f3 Nc6 28. Nf6 Rg6 29. Ne4 f5 30. Ng5 Re8 31. e4 fxe4 32. Nxe4 Nd4 33. Kf1 Nf5 34. Rc5 Ne3+ 35. Kg1 Rf8 36. Rxh5 Rf5 37. Rh7 a6 38. Rc1 Rd5 39. Re7 Nf5 40. Re8+ Ka7 41. h5 Rc6 42. Re1 Rh6 43. Rg8 Re5 44. Rc1 Ra5 45. a4 Rxh5 46. Nxg3 Nxg3 47. Rxg3 b5 48. Rg4 Rd5 49. Re4 Rd3 50. Rb1 Kb6 51. Kf2 Rd2+ 52. Kg3 Ra2 1-0

[Event "CYCC U12"]
[Site "Vancouver CAN"]
[Date "1999.07.01"]
[Round "3"]
[White "Kazakevich, Anastasia"]
[Black "Couture, Philip"]
[Result "1-0"]
[WhiteElo "1226"]
[BlackElo "1528"]
[PlyCount "129"]
[GameId "2160767911743228"]
[EventDate "1999.07.01"]
[EventType "swiss"]
[EventRounds "5"]
[EventCountry "CAN"]
[SourceTitle "Albertabase"]
[SourceDate "2003.08.17"]
[SourceVersion "1"]
[SourceVersionDate "2003.08.17"]
[SourceQuality "1"]

1. d4 d5 2. c4 e6 3. Nc3 Nf6 4. Bg5 h6 5. Bh4 Be7 6. e3 Nc6 7. Nf3 O-O 8. cxd5 exd5 9. Bd3 Ng4 10. Bxe7 Nxe7 11. h3 Nf6 12. O-O Nc6 13. Rc1 Be6 14. Ne2 a6 15. Nf4 Qd7 16. Qc2 Rad8 17. a4 Rc8 18. Qb3 Rb8 19. Qc3 Rbc8 20. b4 Qd6 21. b5 Nb4 22. Rb1 Nxd3 23. Qxd3 Qd7 24. Nxe6 Qxe6 25. bxa6 Qxa6 26. Qxa6 bxa6 27. Rfc1 Rfd8 28. Rb7 Rd7 29. Ra7 c6 30. Rxa6 Rdc7 31. Ne5 c5 32. dxc5 Rxc5 33. Rxc5 Rxc5 34. Ra8+ Kh7 35. Nxf7 Rc7 36. Ne5 Re7 37. Nd3 Rc7 38. Kf1 Rc2 39. Ra5 Ne4 40. Rxd5 Nc3 41. Rd4 Ra2 42. Nc5 Rc2 43. g3 Re2 44. Rd3 Rc2 45. Kg2 Nb1 46. Ne4 Rc4 47. Rb3 Rxe4 48. Rxb1 Rxa4 49. f4 Kg6 50. Rb6+ Kf7 51. Kf3 Kg8 52. Rd6 Kh7 53. Rd4 Ra5 54. e4 Kg6 55. Rd6+ Kh7 56. f5 Re5 57. Kf4 Re7 58. e5 Rf7 59. e6 g5+ 60. Ke5 Re7 61. Rd7 Rxd7 62. exd7 g4 63. d8=Q gxh3 64. Kf6 h5 65. Qe7+ 1-0

[Event "CYCC U12"]
[Site "Vancouver CAN"]
[Date "1999.07.01"]
[Round "3"]
[White "Stevens, Christian"]
[Black "Gushuliak, Justin"]
[Result "0-1"]
[WhiteElo "1940"]
[BlackElo "2051"]
[PlyCount "54"]
[GameId "2160767911743229"]
[EventDate "1999.07.01"]
[EventType "swiss"]
[EventRounds "5"]
[EventCountry "CAN"]
[SourceTitle "CFC 1999.08"]
[Source "CFC"]
[SourceDate "1999.08.??"]
[SourceVersionDate "1999.08.??"]
[SourceQuality "1"]

1. d4 Nf6 2. Nf3 c5 3. c3 b6 4. Bf4 Bb7 5. Nbd2 e6 6. h3 d5 7. e3 Be7 8. Be2 O-O 9. O-O Nbd7 10. dxc5 Nxc5 11. c4 Rc8 12. Ne5 dxc4 13. Ndxc4 Nd5 14. Bg3 Ne4 15. Bh2 b5 16. Nd2 Nxe3 17. fxe3 Nxd2 18. Rf4 Bg5 19. Bxb5 Bxf4 20. Bxf4 Qd5 21. Bf1 Nxf1 22. Qxd5 Bxd5 23. Rxf1 Rc2 24. Rf2 Rfc8 25. Bg3 Rxf2 26. Bxf2 Rc1+ 27. Kh2 Rc2 0-1

[Event "CYCC U12"]
[Site "Vancouver CAN"]
[Date "1999.07.02"]
[Round "4"]
[White "Buscar, Michael"]
[Black "Predescu, Sebastian"]
[Result "1-0"]
[WhiteElo "2001"]
[BlackElo "1831"]
[PlyCount "57"]
[GameId "2160767911743230"]
[EventDate "1999.07.01"]
[EventType "swiss"]
[EventRounds "5"]
[EventCountry "CAN"]

1. e4 c6 2. d4 d5 3. exd5 cxd5 4. c4 Nf6 5. Nc3 e6 6. Nf3 Be7 7. Bd3 Nc6 8. O-O O-O 9. Bf4 b6 10. Re1 Bb7 11. a3 Rc8 12. cxd5 Nxd5 13. Nxd5 Qxd5 14. Be4 Qh5 15. Rc1 Bf6 16. Be5 Nxe5 17. dxe5 Bxe4 18. Rxe4 Rxc1 19. Qxc1 Be7 20. Qc7 Qg6 21. Re1 Bc5 22. b4 Bxb4 23. axb4 Qg4 24. Qd6 f6 25. h3 Qf5 26. Nd4 Qd3 27. Nxe6 Qxd6 28. exd6 Kf7 29. Nxf8 1-0